Death by analysis /
Збережено в:
| Автор: | |
|---|---|
| Формат: | Книга |
| Мова: | Англійська |
| Опубліковано: |
London :
Womens press,
1986
|
| Теги: |
Немає тегів, Будьте першим, хто поставить тег для цього запису!
|
MARC
| LEADER | 00000nam a22000007i 4500 | ||
|---|---|---|---|
| 001 | IT\ICCU\MIL\0192703 | ||
| 003 | ItRI | ||
| 005 | 20250904200835.0 | ||
| 008 | 940407s1986 xxk|||||| ||||| |||||c | ||
| 020 | |a 0704340186 | ||
| 040 | |b ita |c ct | ||
| 041 | 7 | |a eng |2 ISO-639-2 | |
| 100 | 1 | |a Slovo, Gillian |0 IT\ICCU\MILV\084797 |4 aut | |
| 245 | 1 | 0 | |a Death by analysis / |c Gillian Slovo. |
| 260 | |a London : |b Womens press, |c 1986 | ||
| 300 | |a 155 p. ; |c 20 cm. | ||
| 942 | |2 ddc |c BK | ||
| 952 | |0 0 |1 0 |2 ddc |4 0 |6 B_LNR02SLOGIDEA11 |7 0 |9 5731 |a MI |b MI |d 2006-01-26 |i 5080 |l 0 |o B-LNR02-SLOGI-DEA11 |p CDOM5080 |r 2025-07-13 16:28:00 |w 2025-07-13 |x ACQUISTO |y BK | ||
| 981 | 1 | |6 z01 |a i |b xxxe | |
| 982 | 1 | |6 z01 |a n | |
| 999 | |c 4574 |d 4574 | ||